| 000 | 00742nam a2200265Ia 4500 | ||
|---|---|---|---|
| 008 | 160803s9999 xx 000 0 und d | ||
| 020 | _a0 439329469 | ||
| 100 | _aOlson, Mary W. | ||
| 245 | _aNice try, Tooth Fairy / | ||
| 245 | _cby Mary W. Olson ; illustrated by Katherine Tillotson. | ||
| 260 | _aNew York : | ||
| 260 | _bScholastic Inc. | ||
| 260 | _c2000 | ||
| 300 | _a1 volume (unpaged) : | ||
| 300 | _bcolor illustrations ; | ||
| 300 | _c19 x 26 cm | ||
| 500 | _aOriginally published: New York : Simon & Schuster Books for Young Readers, 2000. | ||
| 650 | _aLetters -- | ||
| 650 | _aTeeth -- | ||
| 650 | _aTooth Fairy -- | ||
| 650 | _xFiction. | ||
| 650 | _xFiction. | ||
| 650 | _xFiction. | ||
| 700 | _a260 | ||
| 999 |
_c298838 _d298838 |
||